000
00263nam a2200109Ia 4500
008
220204s9999 xx 000 0 und d
082
_a
678.065:62
_b
FRE
100
_a
French, Tom
245
0
_a
Tyre technology
260
_a
New York
_b
Adam Hilger
_c
1988
942
_c
BK
999
_c
40539
_d
40539